OECD Research and Development Expenditure in Industry 2017 ANBERD

Saved in:
Bibliographic Details
Format: Book
Language:English
Published: Paris OECD 2017
Subjects:
Tags: Add Tag
No Tags, Be the first to tag this record!

MARC

LEADER 00000nam a2200000 4500
001 0242723
005 20221221134019.2
020 |a 978-92-64-28447-0 
041 0 |a eng 
044 |a FR 
245 1 0 |a OECD Research and Development Expenditure in Industry 2017  |b ANBERD 
264 1 |a Paris  |b OECD  |c 2017 
300 |a 89 s. 
610 2 0 |a sektory hospodárske 
610 2 0 |a priemysel 
610 2 0 |a výdavky 
610 2 0 |a rozvoj hospodársky 
610 2 0 |a rozvoj podniku 
610 2 0 |a aktivita hospodárska 
610 2 0 |a služby 
610 2 0 |a ceny 
610 2 0 |a výskum 
610 2 0 |a ukazovatele ekonomické 
610 2 0 |a porovnanie štatistické medzinárodné